Manual for the design of reinforced concrete building structures / (Record no. 547067)

000 -LEADER
fixed length control field 00471nam a22001337a 4500
082 ## - DEWEY DECIMAL CLASSIFICATION NUMBER
Classification number 624.1834
Author Mark MAN
-- D
110 ## - MAIN ENTRY--CORPORATE NAME
Corporate name or jurisdiction name as entry element The Institute of structural engineering.
9 (RLIN) 43257
245 ## - TITLE STATEMENT
Title Manual for the design of reinforced concrete building structures /
Statement of responsibility, etc. The Institute of structural engineering.
260 ## - PUBLICATION, DISTRIBUTION, ETC.
Place of publication, distribution, etc. UK :
Name of publisher, distributor, etc. The Institute of structural engineering.
Date of publication, distribution, etc. 1985.
300 ## - PHYSICAL DESCRIPTION
Extent 88 p. :
526 ## - STUDY PROGRAM INFORMATION NOTE
Program name 0
Interest level 0
Reading level 0
Title point value 624_183400000000000_MAN
650 ## - SUBJECT ADDED ENTRY--TOPICAL TERM
Topical term or geographic name entry element MCE
9 (RLIN) 379
942 ## - ADDED ENTRY ELEMENTS (KOHA)
Source of classification or shelving scheme
Koha item type Book
Holdings
Withdrawn status Lost status Source of classification or shelving scheme Damaged status Not for loan Permanent Location Current Location Date acquired Total Checkouts Full call number Barcode Date last seen Price effective from Koha item type
          Military College of Engineering (MCE) Military College of Engineering (MCE) 07/01/2014   624.1834 MAN MCE-41450 07/01/2014 07/01/2014 Book
© 2023 Central Library, National University of Sciences and Technology. All Rights Reserved.